[Event "Arolo di Leggiuno op 4th"]
[Site "Arolo di Leggiuno"]
[Date "2015.05.10"]
[Round "5"]
[White "Buzio, Alberto"]
[Black "Erdelyi, Tamas"]
[Result "1/2-1/2"]
[WhiteElo "1815"]
[BlackElo "2101"]
[PlyCount "86"]
[EventDate "2015.05.08"]
[EventType "swiss"]
[EventRounds "5"]
[EventCountry "ITA"]
[SourceTitle "CBM 166 Extra"]
[Source "ChessBase"]
[SourceDate "2015.06.18"]
[SourceVersion "1"]
[SourceVersionDate "2015.06.18"]
[SourceQuality "1"]

1. e4 c5 2. Nf3 e6 3. d4 cxd4 4. Nxd4 a6 5. Be2 b5 6. a4 b4 7. c3 Bb7 8. Qc2 Nf6 9. Bf3 d5 10. exd5 Bxd5 11. 0-0 Nbd7 12. cxb4 Bxf3 13. Nxf3 Bxb4 14. Bg5 Rc8 15. Qe2 Qa5 16. Nbd2 0-0 17. Nb3 Qd5 18. Nbd4 Ne4 19. Be3 a5 20. Rfd1 Ndf6 21. h3 h6 22. Nb5 Qh5 23. Rac1 Nd5 24. Nbd4 Nc5 25. Bd2 Nxa4 26. Bxb4 axb4 27. Rxc8 Rxc8 28. Nxe6 Nab6 29. Ned4 Qg6 30. Qe5 Qf6 31. Qxf6 Nxf6 32. Nf5 Nbd5 33. N3d4 Ra8 34. Re1 Ra2 35. Re2 Nf4 36. Rc2 h5 37. Nd6 Ra7 38. Rc4 Rd7 39. N4b5 N4d5 40. Rd4 Re7 41. Kf1 g6 42. g3 Re6 43. Rd2 Nb6 1/2-1/2

[Event "Robecchetto op-B 25th"]
[Site "Robecchetto"]
[Date "2014.12.29"]
[Round "6"]
[White "Caldarola, Stefano"]
[Black "Buzio, Alberto"]
[Result "1-0"]
[WhiteElo "1889"]
[BlackElo "1835"]
[PlyCount "65"]
[EventDate "2014.12.26"]
[EventType "swiss"]
[EventRounds "6"]
[EventCountry "ITA"]
[SourceTitle "EXT 2017"]
[Source "ChessBase"]
[SourceDate "2016.10.25"]
[SourceVersion "1"]
[SourceVersionDate "2016.10.25"]
[SourceQuality "1"]

1. d4 Nf6 2. c4 e6 3. g3 c5 4. d5 exd5 5. cxd5 d6 6. Nf3 Bf5 7. Nc3 Be7 8. Bg2 0-0 9. 0-0 Nbd7 10. h3 a6 11. Nh4 Bg6 12. Nxg6 hxg6 13. a4 Rb8 14. a5 b5 15. axb6 Qxb6 16. f4 c4+ 17. Kh2 Rfc8 18. e4 Nc5 19. Na4 Nxa4 20. Qxa4 c3 21. bxc3 Rxc3 22. Qxa6 Qxa6 23. Rxa6 Rbb3 24. g4 Nxe4 25. Bxe4 Rxh3+ 26. Kg2 Rbg3+ 27. Kf2 Bh4 28. Ke2 Rh2+ 29. Kd1 Rxg4 30. Rxd6 Bf6 31. Bf3 Rg3 32. Rc6 Kf8 33. Re1 1-0

[Event "Lombardia-ch Seniors"]
[Site "Robecchetto"]
[Date "2013.12.29"]
[Round "5"]
[White "Sala, Gianni"]
[Black "Buzio, Alberto"]
[Result "1/2-1/2"]
[WhiteElo "1779"]
[BlackElo "1854"]
[PlyCount "35"]
[EventDate "2013.12.27"]
[EventType "swiss"]
[EventRounds "6"]
[EventCountry "ITA"]
[SourceTitle "EXT 2017"]
[Source "ChessBase"]
[SourceDate "2016.10.25"]
[SourceVersion "1"]
[SourceVersionDate "2016.10.25"]
[SourceQuality "1"]

1. e4 c5 2. Nf3 a6 3. d4 cxd4 4. Nxd4 Nf6 5. Bd3 e5 6. Nb3 d5 7. exd5 e4 8. Be2 Qxd5 9. 0-0 Qxd1 10. Rxd1 Be7 11. Be3 0-0 12. f3 Nc6 13. fxe4 Nxe4 14. c3 Be6 15. N1d2 Nxd2 16. Rxd2 Rfd8 17. Rxd8+ Rxd8 18. Rd1 1/2-1/2

[Event "Lombardia-ch Seniors"]
[Site "Robecchetto"]
[Date "2013.12.28"]
[Round "2"]
[White "Buzio, Alberto"]
[Black "Puricelli, Giancarlo"]
[Result "1-0"]
[WhiteElo "1854"]
[BlackElo "1687"]
[PlyCount "107"]
[EventDate "2013.12.27"]
[EventType "swiss"]
[EventRounds "6"]
[EventCountry "ITA"]
[SourceTitle "EXT 2017"]
[Source "ChessBase"]
[SourceDate "2016.10.25"]
[SourceVersion "1"]
[SourceVersionDate "2016.10.25"]
[SourceQuality "1"]

1. e4 e5 2. Nf3 Nc6 3. d4 exd4 4. Bc4 Qe7 5. 0-0 Ne5 6. Nxe5 Qxe5 7. Qf3 Qf6 8. Qb3 Bc5 9. e5 Qg6 10. Re1 Ne7 11. Nd2 0-0 12. Ne4 b6 13. Nxc5 bxc5 14. Bf4 Ba6 15. Bxa6 Qxa6 16. Qf3 Ng6 17. Bd2 Rab8 18. b3 Rfe8 19. Bf4 Re6 20. Bg3 Rbe8 21. Qh5 d6 22. f4 dxe5 23. f5 Rc6 24. fxg6 Rxg6 25. Rxe5 Rge6 26. Rae1 d3 27. Rxe6 Rxe6 28. Rxe6 Qxe6 29. cxd3 Qe3+ 30. Kf1 Qxd3+ 31. Qe2 Qb1+ 32. Kf2 Qf5+ 33. Kg1 Qd7 34. h3 h6 35. Qe5 c6 36. Qxc5 Kh7 37. Bf2 a6 38. Qd4 Qf5 39. Qd2 f6 40. Kh2 Kg8 41. Bg3 Kh7 42. Qf4 Qa5 43. a4 Qd5 44. Qc4 Qxc4 45. bxc4 Kg6 46. Bd6 h5 47. Kg3 Kf5 48. Kf3 g5 49. g4+ hxg4+ 50. hxg4+ Ke6 51. Bc5 f5 52. Bd4 fxg4+ 53. Kxg4 a5 54. Kxg5 1-0

[Event "Lesa op 2nd"]
[Site "Lesa"]
[Date "2013.09.21"]
[Round "2"]
[White "Cacciola, Alfredo"]
[Black "Buzio, Alberto"]
[Result "1/2-1/2"]
[WhiteElo "2109"]
[BlackElo "1851"]
[PlyCount "86"]
[EventDate "2013.09.20"]
[EventType "swiss"]
[EventRounds "5"]
[EventCountry "ITA"]
[SourceTitle "EXT 2015"]
[Source "ChessBase"]
[SourceDate "2014.11.20"]
[SourceVersion "1"]
[SourceVersionDate "2014.11.20"]
[SourceQuality "1"]

1. e4 c5 2. Nf3 a6 3. c3 d5 4. exd5 Qxd5 5. d4 Bg4 6. Be2 e6 7. 0-0 Nf6 8. Be3 Nbd7 9. h3 Bh5 10. c4 Qc6 11. Nc3 cxd4 12. Nxd4 Bxe2 13. Qxe2 Qc7 14. Rac1 Qe5 15. f4 Qh5 16. Qf3 Qxf3 17. Nxf3 Bc5 18. Kf2 0-0 19. Rfd1 Bxe3+ 20. Kxe3 Rfd8 21. Rd4 Kf8 22. Rcd1 Ke7 23. Ng5 h6 24. Nge4 Nxe4 25. Nxe4 b6 26. Nd6 Nf6 27. b4 Nd5+ 28. cxd5 Rxd6 29. dxe6 Rxe6+ 30. Kf3 Rc8 31. Rd7+ Kf6 32. f5 Rc3+ 33. Kf4 Rc4+ 34. R1d4 Rxd4+ 35. Rxd4 Rc6 36. g4 b5 37. h4 Ke7 38. g5 hxg5+ 39. hxg5 Rc2 40. Ke5 f6+ 41. gxf6+ gxf6+ 42. Kd5 Rxa2 43. Re4+ Kf7 1/2-1/2

[Event "ITA-ch Regionale Lombardia Seniores"]
[Site "Robecchetto"]
[Date "2012.12.30"]
[Round "6"]
[White "Buzio, Alberto"]
[Black "Madaschi, Sergio"]
[Result "1-0"]
[WhiteElo "1872"]
[BlackElo "1516"]
[PlyCount "35"]
[EventDate "2012.12.27"]
[EventType "swiss"]
[EventRounds "6"]
[EventCountry "ITA"]
[SourceTitle "EXT 2024"]
[Source "ChessBase"]
[SourceDate "2023.10.10"]
[SourceVersion "1"]
[SourceVersionDate "2023.10.10"]
[SourceQuality "1"]

1. e4 c5 2. Nf3 d6 3. d4 cxd4 4. Nxd4 Nf6 5. Nc3 a6 6. Bg5 Nbd7 7. f4 Qc7 8. Qf3 e6 9. 0-0-0 Be7 10. Bd3 b5 11. Rhe1 Bb7 12. Qe2 0-0 13. e5 Nc5 14. exf6 Nxd3+ 15. Rxd3 gxf6 16. Bh6 Rfe8 17. Qg4+ Kh8 18. Qg7# 1-0

[Event "ITA-ch Regionale Lombardia Seniores"]
[Site "Robecchetto"]
[Date "2012.12.29"]
[Round "5"]
[White "Buzio, Alberto"]
[Black "Maffeo, Mauro"]
[Result "1/2-1/2"]
[WhiteElo "1872"]
[BlackElo "1720"]
[PlyCount "122"]
[EventDate "2012.12.27"]
[EventType "swiss"]
[EventRounds "6"]
[EventCountry "ITA"]
[SourceTitle "EXT 2024"]
[Source "ChessBase"]
[SourceDate "2023.10.10"]
[SourceVersion "1"]
[SourceVersionDate "2023.10.10"]
[SourceQuality "1"]

1. e4 e6 2. d4 d5 3. Nd2 Be7 4. Ne2 Nf6 5. e5 Nfd7 6. Nf3 c5 7. c3 Nc6 8. Nf4 cxd4 9. cxd4 Qb6 10. Be2 0-0 11. h4 Qb4+ 12. Kf1 Qb6 13. h5 h6 14. g3 a5 15. a3 Qd8 16. Bd3 b6 17. Kg2 Bb7 18. Bb1 Re8 19. Qd3 Nf8 20. Be3 Ba6 21. Qd2 Rc8 22. Nh4 Bxh4 23. Rxh4 Bb7 24. Bd3 Nxe5 25. Bb5 Nc4 26. Qe2 Nxe3+ 27. fxe3 Bc6 28. Bxc6 Rxc6 29. Nd3 Qc8 30. Rd1 Rc2 31. Rd2 Rxd2 32. Qxd2 Re7 33. Rf4 Rc7 34. Rf2 Nh7 35. Qe2 Ng5 36. Qg4 Ne4 37. Re2 Rc2 38. Nf4 Rxe2+ 39. Qxe2 Nd6 40. Kh2 Ne4 41. g4 Qd8 42. Ng2 Qc7+ 43. Nf4 Ng5 44. Kg2 Ne4 45. Kf3 Qc1 46. Kg2 Qc8 47. Qb5 Ng5 48. Qd3 Qc1 49. Qe2 b5 50. Nd3 Qc7 51. Nc5 b4 52. axb4 axb4 53. Qb5 Ne4 54. Nxe4 dxe4 55. Qxb4 Qc2+ 56. Kg3 Qd1 57. Qb8+ Kh7 58. Qf4 Qg1+ 59. Kh3 Qh1+ 60. Kg3 Qg1+ 61. Kh3 Qh1+ 1/2-1/2

[Event "Lesa op 1st"]
[Site "Lesa"]
[Date "2012.10.12"]
[Round "1"]
[White "Buzio, Alberto"]
[Black "Mazzaglia, Carmelo"]
[Result "1-0"]
[WhiteElo "1872"]
[BlackElo "1440"]
[PlyCount "35"]
[EventDate "2012.10.12"]
[EventType "swiss"]
[EventRounds "5"]
[EventCountry "ITA"]
[SourceTitle "EXT 2015"]
[Source "ChessBase"]
[SourceDate "2014.11.20"]
[SourceVersion "1"]
[SourceVersionDate "2014.11.20"]
[SourceQuality "1"]

1. e4 e6 2. d4 g6 3. Nf3 Bg7 4. Nc3 d6 5. Bd3 Nf6 6. Bg5 0-0 7. Qd2 b6 8. h4 Bb7 9. Bh6 d5 10. Bxg7 Kxg7 11. Qf4 Re8 12. g4 dxe4 13. Nxe4 Bxe4 14. Bxe4 Nbd7 15. Bxa8 Qxa8 16. 0-0-0 c6 17. Ne5 Qb8 18. g5 1-0

[Event "ITA-ch Lombardia Seniors"]
[Site "Robecchetto"]
[Date "2011.12.29"]
[Round "5"]
[White "Buzio, Alberto"]
[Black "Chiara, Emanuele"]
[Result "1-0"]
[WhiteElo "1855"]
[BlackElo "1584"]
[PlyCount "49"]
[EventDate "2011.12.27"]
[EventType "swiss"]
[EventRounds "6"]
[EventCountry "ITA"]
[SourceTitle "EXT 2024"]
[Source "ChessBase"]
[SourceDate "2023.10.10"]
[SourceVersion "1"]
[SourceVersionDate "2023.10.10"]
[SourceQuality "1"]

1. e4 d6 2. d4 Nf6 3. Nc3 g6 4. Bc4 c6 5. f3 Bg7 6. Be3 0-0 7. Qd2 b5 8. Bb3 Re8 9. h4 h5 10. Nh3 Bxh3 11. Rxh3 Kh7 12. 0-0-0 e6 13. Bg5 Nbd7 14. g4 Qc7 15. gxh5 Nxh5 16. Ne2 d5 17. Kb1 c5 18. dxc5 Nxc5 19. exd5 Nxb3 20. axb3 exd5 21. Nf4 Qe5 22. Nd3 Qe2 23. Qxe2 Rxe2 24. Nf4 Nxf4 25. Bxf4 1-0

[Event "Venice Autumn op-B 10th"]
[Site "Venice"]
[Date "2004.11.01"]
[Round "5"]
[White "Bettera, Roberto"]
[Black "Buzio, Alberto"]
[Result "1-0"]
[WhiteElo "1883"]
[BlackElo "1909"]
[PlyCount "61"]
[EventDate "2004.10.30"]
[EventType "swiss"]
[EventRounds "5"]
[EventCountry "ITA"]
[SourceTitle "EXT 2009"]
[Source "ChessBase"]
[SourceDate "2008.11.26"]
[SourceVersion "1"]
[SourceVersionDate "2008.11.26"]
[SourceQuality "1"]

1. d4 Nf6 2. c4 e6 3. Nf3 c5 4. e3 Be7 5. d5 d6 6. Nc3 exd5 7. cxd5 Bg4 8. Be2 Nbd7 9. e4 0-0 10. Bf4 Bxf3 11. Bxf3 Re8 12. 0-0 Ne5 13. Be2 a6 14. a4 Nfd7 15. Qd2 Bf6 16. Bg3 Nb6 17. f4 Nec4 18. Qc1 Bxc3 19. bxc3 Rxe4 20. Bd3 Re3 21. Qc2 g6 22. Bf2 Qf6 23. a5 Rxd3 24. Qxd3 Nb2 25. Qe2 N6c4 26. Ra2 Qd8 27. Rxb2 Nxb2 28. Qxb2 Qxa5 29. Qxb7 Rd8 30. Qe7 Rf8 31. Qxd6 1-0

[Event "Venice Autumn op-B 10th"]
[Site "Venice"]
[Date "2004.10.30"]
[Round "1"]
[White "De Barba, Eric"]
[Black "Buzio, Alberto"]
[Result "1-0"]
[WhiteElo "1805"]
[BlackElo "1909"]
[PlyCount "71"]
[EventDate "2004.10.30"]
[EventType "swiss"]
[EventRounds "5"]
[EventCountry "ITA"]
[SourceTitle "EXT 2009"]
[Source "ChessBase"]
[SourceDate "2008.11.26"]
[SourceVersion "1"]
[SourceVersionDate "2008.11.26"]
[SourceQuality "1"]

1. e4 c5 2. Nc3 e6 3. Bc4 a6 4. d3 b5 5. Bb3 Nc6 6. f4 Bb7 7. Nf3 Nf6 8. 0-0 Qb6 9. Kh1 Ng4 10. Qe1 a5 11. a3 Be7 12. h3 h5 13. Qg3 0-0-0 14. a4 b4 15. Nb5 Nf6 16. e5 Ng4 17. Nd2 Nh6 18. Nc4 Qa6 19. Ncd6+ Kb8 20. Bc4 Qb6 21. Qf2 Bxd6 22. Nxd6 Nd4 23. Be3 Qc6 24. c3 Nhf5 25. cxd4 Nxe3 26. Nxb7 cxd4 27. Nxd8 Rxd8 28. Rfe1 d5 29. exd6 Qxd6 30. Rxe3 dxe3 31. Qxe3 Kb7 32. Rc1 Qd4 33. Qf3+ Kb6 34. Bb5 Qd5 35. Qe3+ Kb7 36. Bc6+ 1-0